| 000 | 01029nam a2200301 i 4500 | ||
|---|---|---|---|
| 003 | EG-GICUC | ||
| 005 | 20260209093331.0 | ||
| 008 | 260209s1954 -uk||||fr|||| 001 0 eng d | ||
| 040 |
_aEG-GiCUC _beng _cEG-GiCUC _dEG-GiCUC _erda |
||
| 041 | 0 | _aeng | |
| 082 | 0 | 4 |
_221 _a341.6 _bRU . H |
| 092 | 0 | 4 | _221 |
| 099 | _aLaw1 11 341.6 RU . H 1954 | ||
| 100 | 1 |
_aRunciman, Steven _eAuthor. |
|
| 245 | 1 | 2 |
_aA History Of The Crusades. _nVolume II, _p The Kingdom Of Jerusalem And The Frankish East 1100-1187 / _cBy Steven Runciman. |
| 264 | 1 |
_aCambridge : _bAt The University Press _c1954. |
|
| 300 |
_a522 pages, _c24 cm |
||
| 336 |
_2rda content _atext |
||
| 337 |
_2rda media _aComputer |
||
| 338 |
_2rda carrier _aOnline Resource |
||
| 504 | _aIncludes bibliographical references and index. | ||
| 504 | _aBibliography: pages 493-499. | ||
| 546 | _aText in English | ||
| 650 | 1 | 4 | _aPublic international law |
| 856 | 4 | 0 | _uhttps://fll.law.cu.edu.eg/fulltext/bks/B11-07408.pdf |
| 905 | _a48 | ||
| 942 |
_2ddc _cBK _e21 _n0 |
||
| 999 |
_c61726 _d61726 |
||